Negociaciones sobre servicios en la OMC: ¿Progreso, crisis, o más de lo usual? /
Guardado en:
| Hovedforfatter: | |
|---|---|
| Format: | Texto |
| Fag: | |
| Tags: |
Tilføj Tag
Ingen Tags, Vær først til at tagge denne postø!
|
MARC
| LEADER | 00000 a a2200000 04500 | ||
|---|---|---|---|
| 001 | 13088 | ||
| 003 | |||
| 040 | |||
| 100 | |a Tacoa, Jasmín | ||
| 245 | |a Negociaciones sobre servicios en la OMC: |b ¿Progreso, crisis, o más de lo usual? / |c Jasmín Tacoa | ||
| 650 | |a INSTITUCIONES FINANCIERAS | ||
| 650 | |a PAISES DESARROLLADOS | ||
| 773 | |g volumen 6, número 2; páginas 10-13 | ||
| 999 | |c 30893 |d 30893 | ||
